Zadie Smith Bibliography - Statistics

General Stats
  • This quiz has been taken 6 times
    4 since last reset
  • The average score is 6 of 29
Answer Stats
Type Year Name % Correct
Novel 2012 NW
100%
Novel 2005 On Beauty
100%
Novel 2002 The Autograph Man
100%
Novel 2000 White Teeth
100%
Novel 2019 The Fraud
75%
Essay Collection 2018 Feel Free
50%
Novel 2016 Swing Time
50%
Essay Collection 2009 Changing My Mind: Occasional Essays
25%
Short Story Collection 2019 Grand Union: Stories
25%
Essay 2017 A Bird of Few Words: Narrative Mysteries in the Paintings of Lynette Yiadom-Boakye
0%
Short Story 2014 Big Week
0%
Short Story 2015 Escape from New York
0%
Essay 2016 Fences: A Brexit Diary
0%
Short Story 2007 Hanwell Senior
0%
Short Story Collection 2005 Martha and Hanwell
0%
Short Story 2013 Meet the President!
0%
Short Story 2014 Moonlit Landscape with Bridge
0%
Short Story 2018 Now More Than Ever
0%
Essay 2016 On Optimism and Despair
0%
Short Story 2012 Permission to Enter
0%
Essay 2012 Some Notes on Attunement: A Voyage Around Joni Mitchell
0%
Non-Fiction Book 2011 Stop What You're Doing and Read This!
0%
Essay 2013 Take It or Leave It
0%
Short Story 2013 The Embassy of Cambodia
0%
Short Story 2001 The Girl with Bangs
0%
Short Story 2017 The Lazy River
0%
Short Story 1999 The Waiter's Wife
0%
Short Story 2016 Two Men Arrive in a Village
0%
Short Story 2021 Weirdo
0%
No matching quizzes found
Score Distribution
Percent of People with Each Score
Percentile by Number Answered
Your Score History
You have not taken this quiz since the last reset